Introducción a la Teología Cristiana

Furkejuvvon:
Bibliográfalaš dieđut
Váldodahkki: Tresmontant, Claude (Dahkki)
Materiálatiipa: Girji
Giella:espánnjágiella
Almmustuhtton: Barcelona Herder 1978
Ráidu:Sección de Teología y Filosofía
Fáttát:
Fáddágilkorat: Lasit fáddágilkoriid
Eai fáddágilkorat, Lasit vuosttaš fáddágilkora!

MARC

LEADER 00000nam a2200000 a 4500
001 UCJ2771
003 CL-VaPUC
008 070112e19780000SP |||||||||||||||||spa|d
020 |a 8425406730 
082 0 4 |a 231  |b TRE  |2 21 
100 0 |a Tresmontant, Claude  |e author  |9 503739 
245 1 0 |a Introducción a la Teología Cristiana 
300 |a 733 p 
942 |c BK 
945 |d 20070112 00:00:00  |a lvergara 
260 |a Barcelona  |b Herder  |c 1978 
650 0 |a Teología cristiana  |9 308336 
650 0 |a Dios   |9 266622 
650 0 |a Revelación   |9 313616 
650 7 |a ENCARNACION  |2 CL-VaPUC  |9 346469 
650 7 |a SANTISIMA TRINIDAD  |2 CL-VaPUC  |9 479104 
650 0 |a Antropología cristiana  |9 408739 
650 0 |a Fe  |9 308036 
650 0 |a Religión   |9 255164 
583 |a last modification  |c 20070112 00:00:00  |k Rodrigo Vera 
490 0 |a Sección de Teología y Filosofía  
999 |c 318902  |d 318900 
952 |0 0  |1 0  |4 0  |6 231_000000000000000_TRE_1978  |7 0  |8 A  |9 397098  |a BIBTEO  |b BIBTEO  |d 2019-11-22  |h v.156  |i 4244249  |o 231 TRE 1978  |p 4244249  |r 2025-01-17  |w 2019-11-22  |y BK  |k ICR